000 00376nam a2200157Ia 4500
008 230917s9999||||xx |||||||||||||| ||und||
020 _cRS295
040 _e16808
_aMAIN
041 _aEnglish
082 _a796 H216S
100 _aHordayal Singh
245 0 _aScience of sports training
260 _aNew Delhi
_bD V S Publications
_c1991
300 _a338 p.
942 _cBK
999 _c78576
_d78576